Logo

Description automatically generated
विद्यार्जन
 संसाधन केंद्र, भारतीय प्रौद्योगिकी संस्थान इन्दौर
Learning Resource Center, Indian Institute of Technology Indore

ऑनलाइन सार्वजनिक अभिगम प्रसूची
Online Public Access Catalogue (OPAC)

MLA handbook for writers of research papers [7th ed.] (Record no. 57394)

MARC details
000 -LEADER
fixed length control field 00690nam a2200217Ia 4500
005 - DATE AND TIME OF LATEST TRANSACTION
control field 20260704175958.0
008 - FIXED-LENGTH DATA ELEMENTS--GENERAL INFORMATION
fixed length control field 260704s9999||||xx |||||||||||||| ||und||
020 ## - INTERNATIONAL STANDARD BOOK NUMBER
International Standard Book Number 9788176710619
Qualifying information pbk
082 ## - DEWEY DECIMAL CLASSIFICATION NUMBER
Classification number 808.027
Item number MOD
100 ## - MAIN ENTRY--PERSONAL NAME
Personal name Modern Language Association of America
245 #0 - TITLE STATEMENT
Title MLA handbook for writers of research papers [7th ed.]
250 ## - EDITION STATEMENT
Edition statement 7th ed.
260 ## - PUBLICATION, DISTRIBUTION, ETC.
Place of publication, distribution, etc. New Delhi
Name of publisher, distributor, etc. Affiliated East-West Press
Date of publication, distribution, etc. 2009
300 ## - PHYSICAL DESCRIPTION
Extent xxi, 292p. ; 23cm.
653 ## - INDEX TERM--UNCONTROLLED
Uncontrolled term Authorship Style manuals
653 ## - INDEX TERM--UNCONTROLLED
Uncontrolled term Handbooks and manuals
653 ## - INDEX TERM--UNCONTROLLED
Uncontrolled term Handbooks and manuals
653 ## - INDEX TERM--UNCONTROLLED
Uncontrolled term Report writing--Handbooks, manuals, etc
653 ## - INDEX TERM--UNCONTROLLED
Uncontrolled term Research Handbooks, manuals, etc
942 ## - ADDED ENTRY ELEMENTS (KOHA)
Koha item type Book
Holdings
Withdrawn status Lost status Damaged status Not for loan Home library Current library Shelving location Date acquired Source of acquisition Total Checkouts Full call number Barcode Date last seen Price effective from Koha item type
        LRC, IIT Indore LRC, IIT Indore 2nd Floor - General Stack 04/07/2026 Gratis Book Price: INR 160.00   808.027 MOD G2619 04/07/2026 04/07/2026 Book
Copyright © 2017-2026 Indian Institute of Technology Indore. All Rights Reserved.
Managed & maintained by Learning Resource Center, IIT Indore